Μελέτη και σχεδιασμός ακουστικής κιθάρας από σύνθετα υλικά : διπλωματική εργασία

Η παρούσα διπλωματική εργασία επικεντρώνεται στην μελέτη της συμπεριφοράς ακουστικής κιθάρας, τα τεχνικά χαρακτηριστικά, τα υλικά κατασκευής καθώς και στην διερεύνηση της χρήσης νέων υλικών (και συγκεκριμένα ινών άνθρακα) που να προσομοιάζουν την παραδοσιακή ξύλινη κιθάρα. Η έρευνα για τα χαρακτηρισ...

Πλήρης περιγραφή

Αποθηκεύτηκε σε:
Λεπτομέρειες βιβλιογραφικής εγγραφής
Κύριος συγγραφέας: Ακριβός, Σωκράτης
Συγγραφή απο Οργανισμό/Αρχή: Πανεπιστήμιο Αιγαίου. Σχολή Θετικών Επιστημών. Τμήμα Μηχανικών Σχεδίασης Προϊόντων και Συστημάτων
Μορφή: Thesis Βιβλίο
Γλώσσα:Greek
Δημοσίευση: 2016.
Θέματα:
Διαθέσιμο Online:http://hdl.handle.net/11610/19657
Ετικέτες: Προσθήκη ετικέτας
Δεν υπάρχουν, Καταχωρήστε ετικέτα πρώτοι!

MARC

LEADER 00000cam a2200000 a 4500
001 1/112859
008 170127s2016####gr | ||| |||| ||gre||
040 |a GR-MyUa  |b gre  |c GR-MyUa  |e AACR2 
041 0 |a gre 
082 7 |a 787.8719   |2 (23)  
100 1 |a Ακριβός, Σωκράτης. 
245 1 0 |a Μελέτη και σχεδιασμός ακουστικής κιθάρας από σύνθετα υλικά :   |b διπλωματική εργασία /   |c Ακριβός Σωκράτης ; επιβλέπων καθηγητής Παπανίκος Παρασκευάς.  
260 |c 2016.  
300 |a 81 σ. :   |b εικ. ;   |c 30 εκ.  
502 |a Πτυχιακή εργασία - Πανεπιστήμιο Αιγαίου, Σύρος, 2016.  
504 |a Βιβλιογραφία: σ. 80-81.  
520 8 |a Η παρούσα διπλωματική εργασία επικεντρώνεται στην μελέτη της συμπεριφοράς ακουστικής κιθάρας, τα τεχνικά χαρακτηριστικά, τα υλικά κατασκευής καθώς και στην διερεύνηση της χρήσης νέων υλικών (και συγκεκριμένα ινών άνθρακα) που να προσομοιάζουν την παραδοσιακή ξύλινη κιθάρα. Η έρευνα για τα χαρακτηριστικά των μουσικών οργάνων έχει ξεκινήσει σχετικά πρόσφατα, από την δεκαετία του 70'. Η δυσκολία στο συγκεκριμένο γνωσιακό πεδίο έγκειται στο ότι είναι τελείως διαφορετική η προσέγγιση του ήχου ως φυσικό φαινόμενο και άλλη η πρόσληψη του ηχητικού φαινομένου από τον άνθρωπο (ψυχοακουστική). Σκοπός της εργασίας είναι η προσομοίωση της συμπεριφοράς ακουστικής κιθάρας με χρήση Η/Υ και η σύγκριση με πειραματικές μετρήσεις. Τα αποτελέσματα της εργασίας έδειξαν ότι η χρήση των σωστών στοιχείων σε κάθε εφαρμογή είναι πρωτεύουσας σημασίας. Η χρήση τρισδιάστατων (solid) στοιχείων σε μοντέλα που απαιτούν δισδιάστατα (shell), μπορεί να οδηγήσει σε αποτελέσματα με μεγάλη απόκλιση από τις πειραματικές τιμές. Η ανάλυση στο ANSYS έδειξε ότι η προθήκη του μπράτσου στο μοντέλο δεν είναι απολύτως απαραίτητη για την κατανόηση της συμπεριφοράς του σώματος. Η επίδραση το αέρα στις τιμές των ιδιοσυχνοτήτων είναι σημαντική στη συμπεριφορά του μοντέλου σε χαμηλότερες τιμές. Η παραπέρα έρευνα όπου θα λαμβάνεται υπόψη η επίδραση του αέρα στη συμπεριφορά του μοντέλου κρίνεται απαραίτητη για την πληρέστερη προσομοίωση της συμπεριφοράς μιας ακουστικής κιθάρας.  
650 0 |a Dissertations, Academic  |z Greece. 
650 0 |a Guitar  |x Construction. 
650 0 |a Composite materials. 
700 1 |a Παπανίκος, Παρασκευάς,  |e dgs 
710 2 |a Πανεπιστήμιο Αιγαίου.   |b Σχολή Θετικών Επιστημών.   |b Τμήμα Μηχανικών Σχεδίασης Προϊόντων και Συστημάτων. 
852 |a INST  |b SYROS  |c DIATR  |e 20170215  |h 787.8719 ΑΚΡ  |p 005500012901  |q 005500012901  |t DIE  |y 23 
856 |u http://hdl.handle.net/11610/19657 
924 |a Ακριβός  |b Σωκράτης  |y Σύρος  |z 2016-10 
970 |a Κοντού  |b Παρασκευή  |z 27/01/2017